Star Wars Quiz - Statistics

General Stats
  • This quiz has been taken 11 times
  • The average score is 8 of 10
Answer Stats
Question Answer % Correct
Who did Anakin Skywalker turn into after the battle in Revenge Of The Sith? Darth Vader
100%
What species is Chewbacca? Wookiee
100%
Which character is famous for his dual lightsabers? Darth Maul
88%
Who is Rey's grandfather? Emperor Palpatine
88%
What is the ship that Han Solo is pilot of? Millennium Falcon
88%
Who is Luke and Leia's 'mother'? Padme
88%
Who was Obi-Wan's master? Qui-gon Jinn
88%
What is Kylo Ren's actual name? Ben Solo
75%
(hard) How old was Baby Yoda when The Mandalorian found him (approx.)? 50
50%
Why does Darth Vader wear all of his black clothing around him? To help him breathe
25%
No matching quizzes found
Score Distribution
Percent of People with Each Score
Percentile by Number Answered
Your Score History
You have not taken this quiz